[Event "Pere Noel"]
[Site "Montreal CAN"]
[Date "2004.12.28"]
[Round "3"]
[White "Charbonneau, Anne-Marie"]
[Black "Rouleau, Paul"]
[Result "1/2-1/2"]
[WhiteElo "2072"]
[BlackElo "1863"]
[PlyCount "75"]
[GameId "2160767911031826"]
[EventDate "2004.12.26"]
[EventType "swiss"]
[EventRounds "5"]
[EventCountry "CAN"]

1. d4 Nf6 2. c4 e6 3. Nc3 Bb4 4. Qc2 c5 5. dxc5 Na6 6. a3 Bxc3+ 7. Qxc3 Nxc5 8. f3 O-O 9. e4 d5 10. cxd5 Nfxe4 11. fxe4 Nxe4 12. Qe3 exd5 13. Bd2 Bf5 14. Qf4 Re8 15. Be2 Nxd2 16. Qxf5 Nb3 17. Rd1 Qa5+ 18. Kf2 Rad8 19. Nf3 Qb6+ 20. Kf1 g6 21. Qd3 Nc5 22. Qb5 Qd6 23. Bd3 Re3 24. Bb1 d4 25. b4 Qf4 26. Kf2 Ne4+ 27. Bxe4 Qxe4 28. Rhe1 Rc8 29. Rc1 Rxc1 30. Rxc1 Rxf3+ 31. gxf3 Qe3+ 32. Kg3 Qxc1 33. Qe8+ Kg7 34. Qe5+ Kh6 35. Qxd4 Qxa3 36. Qh4+ Kg7 37. Qd4+ Kg8 38. Qd8+ 1/2-1/2

[Event "Pere Noel"]
[Site "Montreal CAN"]
[Date "2004.12.28"]
[Round "3"]
[White "Cloutier, Mario"]
[Black "Gilman, Arkadiy"]
[Result "0-1"]
[WhiteElo "1981"]
[BlackElo "2154"]
[PlyCount "84"]
[GameId "2160767911031827"]
[EventDate "2004.12.26"]
[EventType "swiss"]
[EventRounds "5"]
[EventCountry "CAN"]

1. e4 e6 2. d4 d5 3. Nd2 Nf6 4. e5 Nfd7 5. Bd3 c5 6. c3 Nc6 7. Ne2 Qb6 8. Nf3 cxd4 9. cxd4 f6 10. exf6 Nxf6 11. O-O Bd6 12. b3 O-O 13. Bf4 Bxf4 14. Nxf4 Ne4 15. g3 Bd7 16. Re1 g5 17. Bxe4 gxf4 18. Ng5 f3 19. Bxh7+ Kg7 20. Qd3 Rf6 21. Rad1 Rh8 22. h4 Nd8 23. Re3 Bb5 24. Qc2 Be2 25. Rd2 Qd6 26. Nxf3 Bxf3 27. Rxf3 Rxf3 28. Qg6+ Kf8 29. Qh6+ Ke7 30. Qg7+ Nf7 31. Bg8 Qd8 32. Bxf7 Rxf7 33. Qg5+ Kd7 34. Qe3 Qc7 35. Re2 Qc6 36. Qe5 Re8 37. h5 Rf5 38. Qg7+ Re7 39. Qg6 Qc1+ 40. Kg2 Rg5 41. Rc2 Rxg6 42. Rxc1 Rg5 0-1

[Event "Pere Noel"]
[Site "Montreal CAN"]
[Date "2004.12.28"]
[Round "3"]
[White "Fillion, Steve"]
[Black "Prahov, Valentin"]
[Result "1/2-1/2"]
[WhiteElo "2084"]
[BlackElo "2229"]
[PlyCount "81"]
[GameId "2160767911031828"]
[EventDate "2004.12.26"]
[EventType "swiss"]
[EventRounds "5"]
[EventCountry "CAN"]

1. d4 Nf6 2. Nf3 g6 3. Bf4 Bg7 4. e3 O-O 5. Be2 d6 6. h3 Nbd7 7. O-O c6 8. c4 Re8 9. Nc3 Qb6 10. Na4 Qa5 11. a3 e5 12. b4 Qc7 13. Bh2 Ne4 14. Qc2 f5 15. c5 d5 16. Nb2 Qd8 17. Nd3 exd4 18. exd4 Ndf6 19. Nfe5 Be6 20. a4 a6 21. Rab1 Nd7 22. b5 axb5 23. axb5 Nxe5 24. Nxe5 Bd7 25. bxc6 Bxc6 26. Rb6 Ra3 27. Bb5 Qa8 28. Bxc6 bxc6 29. f3 Nc3 30. Kh1 Nb5 31. Nxc6 Nxd4 32. Nxd4 Bxd4 33. Rfb1 Ra1 34. Bg3 Rc8 35. Bd6 Re8 36. Bg3 Rxb1+ 37. Rxb1 Qc6 38. Rd1 Qxc5 39. Qxc5 Bxc5 40. Rxd5 Be3 41. Re5 1/2-1/2

[Event "Pere Noel"]
[Site "Montreal CAN"]
[Date "2004.12.28"]
[Round "3"]
[White "Gravel, Simon M"]
[Black "Boulay, David"]
[Result "1-0"]
[WhiteElo "2268"]
[BlackElo "2036"]
[PlyCount "107"]
[GameId "2160767911031829"]
[EventDate "2004.12.26"]
[EventType "swiss"]
[EventRounds "5"]
[EventCountry "CAN"]

1. c4 Nf6 2. Nc3 d5 3. cxd5 Nxd5 4. Nf3 g6 5. e4 Nxc3 6. dxc3 Qxd1+ 7. Kxd1 Bg7 8. Kc2 O-O 9. Bg5 Nc6 10. Rd1 Bg4 11. Be2 h6 12. Bh4 a6 13. h3 Be6 14. Nd2 b5 15. Bg4 Bxg4 16. hxg4 g5 17. Bg3 Be5 18. Rxh6 f6 19. Bxe5 Nxe5 20. f3 Rfd8 21. Rhh1 Rac8 22. Nb3 Nc4 23. Rxd8+ Rxd8 24. Re1 c5 25. Re2 Rc8 26. Nc1 Ne5 27. Nd3 Nxd3 28. Kxd3 Rd8+ 29. Kc2 e5 30. Re1 Kf7 31. Rh1 Kg7 32. Ra1 Kf7 33. a4 Rd6 34. axb5 axb5 35. Ra7+ Ke6 36. Rb7 b4 37. cxb4 cxb4 38. Rxb4 Rc6+ 39. Kb3 Kd6 40. Rc4 Rb6+ 41. Ka2 Ra6+ 42. Kb1 Rb6 43. Rc3 Rb8 44. b3 Rb7 45. Kb2 Rb8 46. Rc4 Rb7 47. b4 Rb8 48. Kb3 Rb7 49. Ka4 Ra7+ 50. Kb5 Ra2 51. Rc3 Rxg2 52. Kb6 Rb2 53. Rd3+ Ke6 54. b5 1-0

[Event "Pere Noel"]
[Site "Montreal CAN"]
[Date "2004.12.28"]
[Round "3"]
[White "Ibrahim, Anthony"]
[Black "Malette, Martin"]
[Result "1-0"]
[WhiteElo "2256"]
[BlackElo "2081"]
[PlyCount "72"]
[GameId "2160767911031831"]
[EventDate "2004.12.26"]
[EventType "swiss"]
[EventRounds "5"]
[EventCountry "CAN"]

1. e4 c5 2. Nf3 d6 3. d4 Nf6 4. Nc3 cxd4 5. Nxd4 g6 6. Be3 Bg7 7. f3 Nc6 8. Qd2 O-O 9. Bc4 Bd7 10. O-O-O Rc8 11. Bb3 Ne5 12. h4 Nc4 13. Bxc4 Rxc4 14. h5 Nxh5 15. g4 Nf6 16. Nb3 Bxg4 17. fxg4 Nxg4 18. Rdg1 Nxe3 19. Qxe3 Qc7 20. e5 dxe5 21. Nd5 Qd6 22. Qh3 h5 23. Rd1 e4 24. Ne3 Qf4 25. Rdf1 Qh6 26. Kb1 Rc6 27. Rhg1 e6 28. Na5 Rc5 29. Nac4 f5 30. Rf2 Rf6 31. Nd6 Rf8 32. Rfg2 Kh7 33. Rxg6 Qxg6 34. Rxg6 Kxg6 35. Qg3+ Kh7 36. Qh4 Rf6 1-0

[Event "Pere Noel"]
[Site "Montreal CAN"]
[Date "2004.12.28"]
[Round "3"]
[White "Lawson, Eric"]
[Black "Poirier, Erik"]
[Result "1-0"]
[WhiteElo "2400"]
[BlackElo "2067"]
[PlyCount "51"]
[GameId "2160767911031832"]
[EventDate "2004.12.26"]
[EventType "swiss"]
[EventRounds "5"]
[EventCountry "CAN"]

1. d4 Nf6 2. Bg5 e6 3. e4 h6 4. Bxf6 Qxf6 5. Nc3 Bb4 6. Qd2 c5 7. a3 Bxc3 8. bxc3 d6 9. Bb5+ Bd7 10. Rb1 O-O 11. Bxd7 Nxd7 12. f4 Rfd8 13. Ne2 e5 14. Rxb7 exd4 15. cxd4 cxd4 16. Rb4 Rac8 17. Rxd4 Nc5 18. O-O Ne6 19. Rxd6 Rxd6 20. Qxd6 Rxc2 21. e5 Qf5 22. Ng3 Qg4 23. Qb8+ Nf8 24. Qxa7 h5 25. Qa4 Qg6 26. e6 1-0

[Event "Pere Noel"]
[Site "Montreal CAN"]
[Date "2004.12.28"]
[Round "3"]
[White "Mikanovic, Goran"]
[Black "Voskanyan, Vahagn"]
[Result "1-0"]
[WhiteElo "2342"]
[BlackElo "2275"]
[PlyCount "93"]
[GameId "2160767911031834"]
[EventDate "2004.12.26"]
[EventType "swiss"]
[EventRounds "5"]
[EventCountry "CAN"]

1. d4 Nf6 2. c4 g6 3. Nc3 d5 4. Nf3 Bg7 5. e3 O-O 6. Qb3 c6 7. Bd2 dxc4 8. Bxc4 b5 9. Bd3 Be6 10. Qc2 a5 11. O-O Na6 12. a3 Qb6 13. Ne4 a4 14. Rfc1 Nxe4 15. Bxe4 Bc4 16. Bb4 Ra7 17. Nd2 Nxb4 18. axb4 e5 19. dxe5 Bxe5 20. Nxc4 bxc4 21. Rxa4 Rb8 22. Rxa7 Qxa7 23. Qxc4 Bxb2 24. Rb1 Qa3 25. Qxc6 Qxb4 26. g3 Qf8 27. Bd5 Be5 28. Rc1 Kg7 29. Kg2 Qd6 30. Qc4 Qe7 31. Rc2 Rd8 32. Ra2 Rd7 33. Ra6 Rc7 34. Qa2 Bf6 35. Ra8 Be5 36. Ra5 Bd6 37. Bf3 Rc5 38. Ra8 Rc7 39. Qa4 Rd7 40. Bc6 Rd8 41. Ra7 Qe6 42. Rb7 Qf6 43. Bd5 Be7 44. Qd1 Kf8 45. e4 g5 46. Qe2 Kg7 47. e5 1-0

[Event "Pere Noel"]
[Site "Montreal CAN"]
[Date "2004.12.28"]
[Round "3"]
[White "Moskvitch, Andrei"]
[Black "Masse, Hugues"]
[Result "0-1"]
[WhiteElo "2112"]
[BlackElo "2224"]
[PlyCount "106"]
[GameId "2160767911031835"]
[EventDate "2004.12.26"]
[EventType "swiss"]
[EventRounds "5"]
[EventCountry "CAN"]

1. e4 e5 2. Nf3 Nc6 3. Bc4 Bc5 4. c3 Nf6 5. d4 exd4 6. cxd4 Bb4+ 7. Bd2 Bxd2+ 8. Nbxd2 d5 9. exd5 Nxd5 10. Qb3 Na5 11. Qa4+ Nc6 12. Qb3 Nce7 13. O-O O-O 14. Rfe1 c6 15. Ne4 Qb6 16. Nc3 Qxb3 17. Bxb3 Be6 18. Ng5 Bd7 19. Nxd5 Nxd5 20. Bxd5 cxd5 21. Re7 Bc6 22. Rae1 Rae8 23. f3 f6 24. Rxe8 Rxe8 25. Rxe8+ Bxe8 26. Ne6 b6 27. Nf4 Bc6 28. g4 g5 29. Ng2 Kf7 30. Ne3 Ke6 31. h4 gxh4 32. Kg2 Be8 33. Kh3 h5 34. Kxh4 hxg4 35. Kxg4 Bg6 36. f4 Kd6 37. Nf5+ Ke6 38. Ng3 Ke7 39. f5 Be8 40. Nh5 Bd7 41. Nf4 Kd6 42. Ng2 Ke7 43. Ne3 Bc6 44. Kh5 Be8+ 45. Kh6 Bd7 46. Kh7 Bc8 47. b4 Bd7 48. a3 Bc8 49. b5 Bd7 50. a4 Bc8 51. Kh6 Bd7 52. Kh5 Bc8 53. Kg4 Bb7 0-1

[Event "Pere Noel"]
[Site "Montreal CAN"]
[Date "2004.12.28"]
[Round "3"]
[White "Pepin, Christian"]
[Black "Larochelle, Martial"]
[Result "1-0"]
[WhiteElo "2083"]
[BlackElo "2289"]
[PlyCount "87"]
[GameId "2160767911031836"]
[EventDate "2004.12.26"]
[EventType "swiss"]
[EventRounds "5"]
[EventCountry "CAN"]

1. e4 c5 2. Nf3 d6 3. d4 cxd4 4. Nxd4 Nf6 5. Nc3 a6 6. Be2 e5 7. Nb3 Be7 8. Be3 Be6 9. Nd5 Nbd7 10. Nxe7 Qxe7 11. f3 d5 12. exd5 Nxd5 13. Bf2 O-O 14. O-O Nf4 15. Be3 Nxe2+ 16. Qxe2 Rac8 17. Rfe1 Rfd8 18. Rad1 Qh4 19. Rd2 Re8 20. Red1 Qa4 21. a3 Qc6 22. Qf2 Nb8 23. Nc5 Bf5 24. g4 Bg6 25. h4 h5 26. gxh5 Bxh5 27. Ne4 Re6 28. Ng5 Ree8 29. Ne4 Qg6+ 30. Kh2 Nc6 31. Nd6 Qf6 32. Nxc8 Rxc8 33. Bg5 Qf5 34. c3 Bxf3 35. Rg1 e4 36. Qg3 Ne5 37. Qf4 Qe6 38. Rd4 Re8 39. Rg3 Ng4+ 40. Kg1 f6 41. Rd6 fxg5 42. Rxe6 gxf4 43. Rxe8+ Kf7 44. Rxg4 1-0

[Event "Pere Noel"]
[Site "Montreal CAN"]
[Date "2004.12.28"]
[Round "3"]
[White "Rivest, Jean-Michel"]
[Black "Arsenault, Nicolas"]
[Result "1-0"]
[WhiteElo "1925"]
[BlackElo "2110"]
[PlyCount "105"]
[GameId "2160767911031837"]
[EventDate "2004.12.26"]
[EventType "swiss"]
[EventRounds "5"]
[EventCountry "CAN"]

1. e4 e6 2. d4 d5 3. Nc3 Nf6 4. e5 Nfd7 5. f4 c5 6. Nf3 Nc6 7. Be3 a6 8. Qd2 cxd4 9. Nxd4 Bc5 10. O-O-O O-O 11. h4 Bxd4 12. Bxd4 b5 13. g4 b4 14. Ne2 a5 15. g5 Ba6 16. h5 a4 17. Kb1 b3 18. cxb3 axb3 19. a3 Rc8 20. g6 fxg6 21. hxg6 h6 22. Bh3 Qe7 23. Nc3 Nxd4 24. Qxd4 Rc4 25. Nxd5 Qe8 26. Qa7 Nc5 27. Ne7+ Kh8 28. Bxe6 Nxe6 29. Qxa6 Rc7 30. Qxe6 Rxe7 31. Qg4 Qc6 32. f5 Qc2+ 33. Ka1 Rxe5 34. Rxh6+ gxh6 35. g7+ Kg8 36. gxf8=R+ Kxf8 37. Qb4+ Kf7 38. Qb7+ Kf6 39. Qb6+ Kxf5 40. Rf1+ Ke4 41. Re1+ Kf5 42. Rf1+ Ke4 43. Qg6+ Kd5 44. Qf7+ Kc5 45. Qc7+ Kd5 46. Qf7+ Kc5 47. Qf8+ Kd5 48. Qxh6 Re2 49. Qg5+ Re5 50. Qd8+ Kc5 51. Qa5+ Kd4 52. Qb4+ Kd3 53. Qd6+ 1-0

[Event "Pere Noel"]
[Site "Montreal CAN"]
[Date "2004.12.28"]
[Round "3"]
[White "Rodriguez, Herver"]
[Black "Papineau (Granby), Daniel"]
[Result "0-1"]
[WhiteElo "1719"]
[BlackElo "2071"]
[PlyCount "78"]
[GameId "2160767911031838"]
[EventDate "2004.12.26"]
[EventType "swiss"]
[EventRounds "5"]
[EventCountry "CAN"]

1. e4 e6 2. d4 a6 3. Nf3 b5 4. Bd3 Bb7 5. O-O Nf6 6. Re1 c5 7. c3 Be7 8. a4 Qb6 9. axb5 axb5 10. Rxa8 Bxa8 11. Na3 c4 12. Bb1 Bc6 13. Ne5 Bb7 14. Ng4 h5 15. Ne5 d5 16. exd5 Bxd5 17. Nc2 Be4 18. Bg5 Qb7 19. Ne3 Bxb1 20. Qxb1 Nc6 21. b3 cxb3 22. Qxb3 O-O 23. N3c4 Rc8 24. Nd2 Nxe5 25. Rxe5 Nd5 26. Bxe7 Rxc3 27. Qb2 Qxe7 28. Qxb5 Rc1+ 29. Nf1 Nf6 30. Qb8+ Qf8 31. Qb2 Qc8 32. Rb5 Qc2 33. Rb8+ Kh7 34. Qb5 Nd5 35. g3 h4 36. Kg2 Qe4+ 37. Kh3 Qf5+ 38. Kxh4 g5+ 39. Kh5 Nf6# 0-1

[Event "Pere Noel"]
[Site "Montreal CAN"]
[Date "2004.12.28"]
[Round "3"]
[White "Singher, Jean-Pierre"]
[Black "Bouvier, Jesse"]
[Result "1/2-1/2"]
[WhiteElo "2025"]
[BlackElo "2227"]
[PlyCount "75"]
[GameId "2160767911031839"]
[EventDate "2004.12.26"]
[EventType "swiss"]
[EventRounds "5"]
[EventCountry "CAN"]

1. d4 d5 2. c4 Nc6 3. Nc3 e5 4. cxd5 Nxd4 5. e3 Nf5 6. Nf3 f6 7. Qa4+ Bd7 8. Qb3 Nd6 9. h3 Nh6 10. e4 Nhf7 11. Be3 Be7 12. a4 O-O 13. g4 g6 14. Rg1 c6 15. Bd3 Kh8 16. h4 Qa5 17. Ke2 Rae8 18. g5 c5 19. gxf6 Bxf6 20. Bb5 Nxb5 21. axb5 Qb4 22. Nd2 Nd6 23. Rxa7 Nxb5 24. Rxb7 Nd4+ 25. Bxd4 Qxb3 26. Nxb3 exd4 27. Rxd7 dxc3 28. bxc3 Rxe4+ 29. Kd3 Rf4 30. Nxc5 Rf3+ 31. Ke4 Rxc3 32. Ne6 Rb8 33. Rd1 Rb4+ 34. Rd4 Rxd4+ 35. Nxd4 Rc4 36. Rf7 Bxd4 37. Kd3 Ra4 38. Rf4 1/2-1/2

[Event "Pere Noel"]
[Site "Montreal CAN"]
[Date "2004.12.29"]
[Round "4"]
[White "Arsenault, Nicolas"]
[Black "Cloutier, Mario"]
[Result "0-1"]
[WhiteElo "2112"]
[BlackElo "1981"]
[PlyCount "98"]
[GameId "2160767911031840"]
[EventDate "2004.12.26"]
[EventType "swiss"]
[EventRounds "5"]
[EventCountry "CAN"]

1. e4 c5 2. Nf3 e6 3. d4 cxd4 4. Nxd4 a6 5. Bd3 Nf6 6. O-O Qc7 7. Nc3 b5 8. Qe2 b4 9. e5 bxc3 10. exf6 gxf6 11. Be4 Bb7 12. Bxb7 Qxb7 13. bxc3 Rg8 14. g3 Qd5 15. Be3 Bd6 16. Qd3 f5 17. Rad1 Bc7 18. Rfe1 Rg6 19. Bc1 Kf8 20. Ba3+ Kg8 21. c4 Qa5 22. Qf3 Ra7 23. Bb2 f4 24. Nb3 Qf5 25. Bd4 Qh3 26. Qg2 Qxg2+ 27. Kxg2 Rb7 28. Bc3 d6 29. Nd4 Nd7 30. Rb1 Rxb1 31. Rxb1 Nc5 32. Re1 fxg3 33. hxg3 Na4 34. Ba1 Rg5 35. Nb3 Rg4 36. f4 Kf8 37. Kf3 Rg8 38. Rh1 Ke7 39. Rxh7 Rc8 40. g4 Bb6 41. g5 Rg8 42. Rg7 Rxg7 43. Bxg7 Kd7 44. Ke4 Bd8 45. Bd4 Kc6 46. Kd3 e5 47. fxe5 dxe5 48. Bxe5 Bxg5 49. Nd4+ Kd7 0-1

[Event "Pere Noel"]
[Site "Montreal CAN"]
[Date "2004.12.29"]
[Round "4"]
[White "Bouvier, Jesse"]
[Black "Papineau (Granby), Daniel"]
[Result "1-0"]
[WhiteElo "2227"]
[BlackElo "2075"]
[PlyCount "59"]
[GameId "2160767911031841"]
[EventDate "2004.12.26"]
[EventType "swiss"]
[EventRounds "5"]
[EventCountry "CAN"]

1. e4 d5 2. exd5 Nf6 3. d4 Bg4 4. Nf3 Qxd5 5. Be2 Nc6 6. c4 Qf5 7. Be3 e6 8. h3 Qh5 9. Nc3 Bb4 10. Qb3 O-O 11. a3 Bxc3+ 12. Qxc3 e5 13. O-O-O Bxf3 14. Bxf3 exd4 15. Bxd4 Qg5+ 16. Be3 Qf5 17. Qc2 Qa5 18. g4 Rfd8 19. g5 Nd7 20. Rd5 Qa6 21. Be4 Nf8 22. Rb5 Rab8 23. Qc3 Re8 24. Bc2 Ne7 25. h4 Qc6 26. Rg1 a6 27. Rc5 Qd6 28. Rd1 Qe6 29. h5 b5 30. h6 1-0

[Event "Pere Noel"]
[Site "Montreal CAN"]
[Date "2004.12.29"]
[Round "4"]
[White "Dumouchel, Alain"]
[Black "Pepin, Christian"]
[Result "1/2-1/2"]
[WhiteElo "2025"]
[BlackElo "2050"]
[PlyCount "70"]
[GameId "2160767911031842"]
[EventDate "2004.12.26"]
[EventType "swiss"]
[EventRounds "5"]
[EventCountry "CAN"]

1. f3 d5 2. g3 e5 3. Nh3 Nf6 4. Nf2 c5 5. Bg2 Nc6 6. O-O Bd6 7. d3 O-O 8. Bg5 h6 9. Bxf6 Qxf6 10. Nc3 d4 11. Nce4 Qe7 12. Nxd6 Qxd6 13. f4 exf4 14. Ne4 Qe5 15. gxf4 Qe7 16. f5 Ne5 17. f6 Qc7 18. fxg7 Kxg7 19. Qe1 f5 20. Ng3 Bd7 21. Nh5+ Kh7 22. e4 Rf7 23. exf5 Rg8 24. Ng3 Ng4 25. Be4 h5 26. f6+ Kh8 27. Bd5 Nxh2 28. Kxh2 h4 29. Rf3 hxg3+ 30. Kg2 Bh3+ 31. Kxh3 Rh7+ 32. Kg2 Rh2+ 33. Kg1 Rh1+ 34. Kg2 Rh2+ 35. Kg1 Rh1+ 1/2-1/2

[Event "Pere Noel"]
[Site "Montreal CAN"]
[Date "2004.12.29"]
[Round "4"]
[White "Khassanov, Marat"]
[Black "Gilman, Arkadiy"]
[Result "1/2-1/2"]
[WhiteElo "2327"]
[BlackElo "2154"]
[PlyCount "86"]
[GameId "2160767911031843"]
[EventDate "2004.12.26"]
[EventType "swiss"]
[EventRounds "5"]
[EventCountry "CAN"]

1. e4 e5 2. Nf3 Nc6 3. Bc4 Nf6 4. d3 Be7 5. O-O O-O 6. Re1 d6 7. c3 Be6 8. Bxe6 fxe6 9. Qb3 Qc8 10. Nbd2 Nh5 11. d4 Bf6 12. dxe5 Bxe5 13. Nc4 Bf4 14. Ne3 Kh8 15. Nd4 Nd8 16. Qd1 Nf6 17. Nc4 Bxc1 18. Rxc1 e5 19. Nf3 Ne6 20. Nfd2 Nf4 21. Nf1 Qe8 22. Ng3 Qf7 23. b3 a5 24. Ne3 a4 25. c4 axb3 26. axb3 Nd7 27. Qc2 Nc5 28. Ra1 Nfd3 29. Rxa8 Rxa8 30. Rb1 Nb4 31. Qc3 Ra2 32. f3 Nc6 33. b4 Ne6 34. Ra1 Rxa1+ 35. Qxa1 Qe8 36. Nd5 Ncd4 37. Nf5 g6 38. Nxd4 Nxd4 39. Nxc7 Qc6 40. Qa8+ Kg7 41. Qd8 Qa4 42. Ne8+ Kf7 43. Nxd6+ Ke6 1/2-1/2

[Event "Pere Noel"]
[Site "Montreal CAN"]
[Date "2004.12.29"]
[Round "4"]
[White "Lawson, Eric"]
[Black "Ibrahim, Anthony"]
[Result "1-0"]
[WhiteElo "2409"]
[BlackElo "2256"]
[PlyCount "110"]
[GameId "2160767911031844"]
[EventDate "2004.12.26"]
[EventType "swiss"]
[EventRounds "5"]
[EventCountry "CAN"]

1. d4 Nf6 2. Bg5 Ne4 3. Bf4 c5 4. f3 Qa5+ 5. c3 Nf6 6. Nd2 cxd4 7. Nb3 Qb6 8. Qxd4 Qxd4 9. cxd4 d5 10. e3 Nc6 11. Rc1 Nh5 12. Bg5 h6 13. Bh4 g5 14. Bf2 e5 15. Bb5 Bb4+ 16. Kf1 O-O 17. a3 Bd6 18. g4 Ng7 19. Bxc6 bxc6 20. Rxc6 Rd8 21. Nc5 exd4 22. exd4 Bxc5 23. Rxc5 Ne6 24. Ra5 Rb8 25. b4 Bd7 26. Be3 Rbc8 27. Rxa7 Bb5+ 28. Kf2 Rc2+ 29. Kg3 Bf1 30. Bf2 Nf4 31. h4 Nd3 32. Rh2 Nxf2 33. hxg5 Nh1+ 34. Rxh1 hxg5 35. Rh2 Rdc8 36. Rf2 Rc1 37. Ra5 Bc4 38. Nh3 f6 39. Rb2 Kf7 40. b5 Bf1 41. b6 Rb8 42. Rc5 Rc4 43. Rxd5 Ke6 44. Ra5 Rxd4 45. a4 Rd7 46. Rc5 Bxh3 47. Kxh3 Rh7+ 48. Kg3 Rbh8 49. Rg2 Rh3+ 50. Kf2 Rh1 51. a5 Rb1 52. Kg3 Rhh1 53. Rc6+ Ke5 54. Re2+ Kd5 55. Rxf6 Rhg1+ 1-0

[Event "Pere Noel"]
[Site "Montreal CAN"]
[Date "2004.12.29"]
[Round "4"]
[White "Masse, Hugues"]
[Black "Gravel, Simon M"]
[Result "1/2-1/2"]
[WhiteElo "2229"]
[BlackElo "2268"]
[PlyCount "45"]
[GameId "2160767911031845"]
[EventDate "2004.12.26"]
[EventType "swiss"]
[EventRounds "5"]
[EventCountry "CAN"]

1. d4 Nf6 2. c4 e6 3. Nc3 Bb4 4. Qc2 c5 5. dxc5 O-O 6. a3 Bxc5 7. Nf3 Nc6 8. Bg5 Nd4 9. Nxd4 Bxd4 10. e3 Qa5 11. exd4 Qxg5 12. Qd2 Qxd2+ 13. Kxd2 b6 14. b4 d6 15. Bd3 Bb7 16. f3 Rfd8 17. Rac1 Rac8 18. Ke3 Kf8 19. Ne4 Bxe4 20. Bxe4 d5 21. cxd5 Nxd5+ 22. Bxd5 exd5 23. Kd3 1/2-1/2

[Event "Pere Noel"]
[Site "Montreal CAN"]
[Date "2004.12.29"]
[Round "4"]
[White "Moskvitch, Andrei"]
[Black "Rivest, Jean-Michel"]
[Result "1-0"]
[WhiteElo "2112"]
[BlackElo "1947"]
[PlyCount "59"]
[GameId "2160767911031847"]
[EventDate "2004.12.26"]
[EventType "swiss"]
[EventRounds "5"]
[EventCountry "CAN"]

1. e4 c5 2. Nf3 d6 3. d4 cxd4 4. Nxd4 Nf6 5. Nc3 a6 6. Be3 e5 7. Nb3 Be6 8. Qd2 Nbd7 9. O-O-O Be7 10. f3 b5 11. g4 Nb6 12. g5 Nfd7 13. Kb1 Nc4 14. Bxc4 bxc4 15. Nc1 Nb6 16. N1e2 O-O 17. f4 f5 18. gxf6 gxf6 19. f5 Bf7 20. Bxb6 Qxb6 21. Nd5 Qd8 22. Nxe7+ Qxe7 23. Qxd6 Qxd6 24. Rxd6 Bh5 25. Nc3 Rad8 26. Rhd1 Rxd6 27. Rxd6 Rf7 28. a4 Ra7 29. Rxf6 Kg7 30. Re6 1-0

[Event "Pere Noel"]
[Site "Montreal CAN"]
[Date "2004.12.29"]
[Round "4"]
[White "Poirier, Erik"]
[Black "Fillion, Steve"]
[Result "0-1"]
[WhiteElo "2063"]
[BlackElo "2020"]
[PlyCount "40"]
[GameId "2160767911031848"]
[EventDate "2004.12.26"]
[EventType "swiss"]
[EventRounds "5"]
[EventCountry "CAN"]

1. d4 d5 2. c4 e6 3. Nc3 Nf6 4. cxd5 Nxd5 5. e4 Nxc3 6. bxc3 c5 7. Nf3 cxd4 8. cxd4 Bb4+ 9. Bd2 Bxd2+ 10. Qxd2 O-O 11. Bc4 Nc6 12. O-O Qa5 13. Qf4 Nxd4 14. Nxd4 Qc5 15. Nf3 Qxc4 16. Rfc1 Qa4 17. Rc7 Bd7 18. Ne5 Bc6 19. Re1 Qa5 20. Nd3 Rad8 0-1

[Event "Pere Noel"]
[Site "Montreal CAN"]
[Date "2004.12.29"]
[Round "4"]
[White "Rodriguez, Herver"]
[Black "Ramaswamy, Kishor"]
[Result "0-1"]
[WhiteElo "1719"]
[BlackElo "2070"]
[PlyCount "92"]
[GameId "2160767911031849"]
[EventDate "2004.12.26"]
[EventType "swiss"]
[EventRounds "5"]
[EventCountry "CAN"]

1. e4 c6 2. Nf3 d5 3. e5 c5 4. d4 Nc6 5. c3 Bg4 6. h3 Bxf3 7. gxf3 cxd4 8. cxd4 Qb6 9. Be3 Qxb2 10. Nd2 Nxd4 11. Qa4+ Nc6 12. Rb1 Qc3 13. Bb5 Kd8 14. O-O e6 15. Rfc1 Qxe5 16. Bxc6 bxc6 17. Qxc6 Rb8 18. Bxa7 Rxb1 19. Rxb1 Ke7 20. Nb3 Qf5 21. Re1 Kf6 22. Bd4+ Kg6 23. Kh2 Qf4+ 24. Kg2 Ne7 25. Qc2+ Qf5 26. Qc7 h6 27. a4 Qg5+ 28. Kh2 Nf5 29. f4 Qh4 30. Rg1+ Kh7 31. Rg4 Qh5 32. Qc2 f6 33. Qe2 Qf7 34. a5 Bd6 35. Be3 Qc7 36. Qd2 Rb8 37. Bb6 Qc4 38. Nd4 h5 39. Nxf5 exf5 40. Rh4 g5 41. Rxh5+ Kg6 42. Qd1 Qxf4+ 43. Kg2 Qh2+ 44. Kf1 Qh1+ 45. Ke2 Qxd1+ 46. Kxd1 Kxh5 0-1

[Event "Pere Noel"]
[Site "Montreal CAN"]
[Date "2004.12.29"]
[Round "4"]
[White "Rouleau, Paul"]
[Black "Malette, Martin"]
[Result "1-0"]
[WhiteElo "1936"]
[BlackElo "2081"]
[PlyCount "65"]
[GameId "2160767911031850"]
[EventDate "2004.12.26"]
[EventType "swiss"]
[EventRounds "5"]
[EventCountry "CAN"]

1. e4 c5 2. c3 d6 3. d4 Nf6 4. Bd3 g6 5. h3 Bg7 6. Nf3 O-O 7. O-O Qc7 8. Qe2 e5 9. dxe5 dxe5 10. Bg5 Nc6 11. Nbd2 Re8 12. Rfd1 h6 13. Bxf6 Bxf6 14. Qe3 Qd6 15. Bb5 Rd8 16. Nc4 Qxd1+ 17. Rxd1 Rxd1+ 18. Kh2 Be6 19. Qe2 Bxc4 20. Qxc4 Nd8 21. Qxc5 Ne6 22. Qa3 a6 23. Bc4 Rd7 24. Bxe6 fxe6 25. c4 Rc8 26. b3 Rd1 27. Qa5 Rcd8 28. Qb6 R1d6 29. Qxb7 R8d7 30. Qc8+ Kh7 31. c5 Rd8 32. Qc7+ R8d7 33. cxd6 1-0

[Event "Pere Noel"]
[Site "Montreal CAN"]
[Date "2004.12.29"]
[Round "4"]
[White "Singher, Jean-Pierre"]
[Black "Charbonneau, Anne-Marie"]
[Result "1/2-1/2"]
[WhiteElo "2078"]
[BlackElo "2072"]
[PlyCount "56"]
[GameId "2160767911031851"]
[EventDate "2004.12.26"]
[EventType "swiss"]
[EventRounds "5"]
[EventCountry "CAN"]

1. d4 Nf6 2. c4 e6 3. Nf3 d5 4. Nc3 Be7 5. g3 O-O 6. Bg2 Nc6 7. O-O dxc4 8. e4 Rb8 9. Be3 b6 10. Qa4 Bb7 11. Rfd1 Na5 12. Ne5 Qe8 13. Qc2 Nd7 14. Nf3 Nf6 15. h4 Ng4 16. Bf4 Rc8 17. Bh3 f5 18. Qe2 Bb4 19. Bxg4 fxg4 20. Ne5 h5 21. Rac1 b5 22. d5 Bd6 23. b4 cxb3 24. axb3 b4 25. Qb5 Nxb3 26. Rb1 bxc3 27. Qxb3 exd5 28. Qxc3 Rb8 1/2-1/2

[Event "Pere Noel"]
[Site "Montreal CAN"]
[Date "2004.12.29"]
[Round "4"]
[White "Voskanyan, Vahagn"]
[Black "Boulay, David"]
[Result "0-1"]
[WhiteElo "2295"]
[BlackElo "2036"]
[PlyCount "72"]
[GameId "2160767911031852"]
[EventDate "2004.12.26"]
[EventType "swiss"]
[EventRounds "5"]
[EventCountry "CAN"]

1. c4 Nf6 2. g3 g6 3. Bg2 Bg7 4. Nf3 O-O 5. d4 d6 6. Nc3 c6 7. O-O Bf5 8. Re1 Ne4 9. Nh4 Nxc3 10. bxc3 Be6 11. Qd3 Qa5 12. e4 Nd7 13. Bd2 Nb6 14. d5 Bd7 15. Bf1 Rac8 16. Rab1 Rc7 17. Rb4 Rfc8 18. Qb1 Kf8 19. Nf3 cxd5 20. cxd5 Bxc3 21. Bxc3 Rxc3 22. Nd4 Qc5 23. Kg2 Kg8 24. h3 Ba4 25. Bb5 a5 26. Rxa4 Nxa4 27. Ne2 Nb6 28. Nxc3 Qxc3 29. Re2 Qd4 30. Rb2 Rc3 31. Be2 Na4 32. Rxb7 Nc5 33. Rb8+ Kg7 34. Bf3 Rd3 35. Rb2 a4 36. Qa1 Rd2 0-1

[Event "Pere Noel"]
[Site "Montreal CAN"]
[Date "2004.??.??"]
[Round "5"]
[White "Gilman, Arkadiy"]
[Black "Prahov, Valentin"]
[Result "1/2-1/2"]
[WhiteElo "2154"]
[BlackElo "2229"]
[PlyCount "39"]
[GameId "2160767911031853"]
[EventDate "2004.12.26"]
[EventType "swiss"]
[EventRounds "5"]
[EventCountry "CAN"]
[SourceTitle "EXT 2006"]
[Source "ChessBase"]
[SourceDate "2005.11.24"]
[SourceVersion "1"]
[SourceVersionDate "2005.11.24"]
[SourceQuality "1"]

1. d4 Nf6 2. c4 g6 3. Nc3 d5 4. Bf4 Bg7 5. e3 c5 6. Nf3 cxd4 7. exd4 O-O 8. c5 Nc6 9. h3 Ne4 10. Bb5 Nxc3 11. bxc3 Nxd4 12. Nxd4 e5 13. Be3 exd4 14. Bxd4 Qa5 15. Qa4 Qc7 16. O-O a6 17. Be2 Bd7 18. Qd1 Bc6 19. Bf3 Rfe8 20. Qd2 1/2-1/2